|
|
|
|
| LEADER |
01394aam a22003978a 4500 |
| 001 |
000020770 |
| 003 |
17217 |
| 005 |
20150401090431.0 |
| 008 |
150326s2014 viesd |
| 020 |
|
|
|d 9786049023705b
|
| 041 |
0 |
|
|a vie
|
| 082 |
0 |
4 |
|2 23
|a 398.24
|b Tru
|
| 245 |
0 |
0 |
|a Truyện ngụ ngôn Việt Nam
|c B.s.: Nguyễn Xuân Kính (ch.b.), Vũ Quang Dũng, Phan Thị Hoa Lý
|
| 260 |
|
|
|a H.
|b Khoa học xã hội
|c 2014
|
| 300 |
|
|
|a 891 tr.
|c 21 cm.
|
| 500 |
|
|
|a ĐTTS ghi: Hội Văn nghệ dân gian Việt Nam
|
| 504 |
|
|
|a Thư mục tr.881-891
|
| 650 |
0 |
4 |
|2 Bộ TK TVQG
|a Truyện ngụ ngôn
|z Việt Nam
|
| 650 |
|
7 |
|2 Bộ TK TVQG
|
| 651 |
|
7 |
|2 Bộ TK TVQG
|a Việt Nam
|
| 653 |
|
|
|a Văn học dân gian
|
| 653 |
|
|
|a Truyện ngụ ngôn
|
| 655 |
|
7 |
|2 Bộ TK TVQG
|a Truyện ngụ ngôn
|
| 700 |
1 |
|
|a Vũ Quang Dũng
|e b.s.
|
| 700 |
1 |
|
|a Nguyễn Xuân Kính
|e ch.b.
|
| 700 |
1 |
|
|a Phan Thị Hoa Lý
|e b.s.
|
| OWN |
|
|
|a LSP
|
| AVA |
|
|
|a UDN50
|b LSP
|d 398.24 Tru
|e available
|t Error 5001 Not defined in file expand_doc_bib_avail.
|f 1
|g 0
|h N
|i 0
|k 1
|
| 999 |
|
|
|a From the UDN01
|
| AVA |
|
|
|a UDN50
|b LSP
|d 398.24 Tru
|e available
|t Error 5001 Not defined in file expand_doc_bib_avail.
|f 1
|g 0
|h N
|i 0
|k 1
|
| TYP |
|
|
|a Monograph
|
| TYP |
|
|
|a Printed language
|
| 980 |
|
|
|a Mạng thư viện Đại học Đà Nẵng
|